000 00575nam a22002057a 4500
003 OSt
005 20131108090128.0
008 131029b2013 mex spa
020 _a978-607-15-0922-2
040 _cBMC
082 _a658.152
100 1 _96165
_aBaca Urbina, Gabriel
245 1 0 _aEvaluación de proyectos
_cGabriel Baca Urbina
250 _a7ª ed
260 _aMéxico, D.F. [etc.]
_bMcGraw-Hill
_ccop. 2013
300 _aXII, 371 p.
_bil., gráf.
_c27 cm
500 _aÍndice: p. [363]-371
650 2 4 _96014
_aEvaluación de proyectos
942 _2ddc
_cBK
999 _c3542
_d3542